The Max Verstappen Quiz - Statistics

General Stats
  • This quiz has been taken 351 times
    155 since last reset
  • The average score is 14 of 18
Answer Stats
Hint Answer % Correct
Nationality Dutch
99%
Current Team Red Bull Racing
98%
Year of birth 1997
96%
Year in which he entered F1 2015
96%
Name of his father, who also raced in F1 Jos Verstappen
93%
Driver Championships 4
90%
Driver who had the same amount of points as Max before the last race of 2021 Lewis Hamilton
89%
Country where he was born Belgium
88%
Current Teammate Yuki Tsunoda
83%
First team he drove for in F1 Toro Rosso
82%
First teammate in F1 Carlos Sainz
76%
Driver that Max replaced to enter that team Daniil Kvyat
76%
Grand Prix where he got his first win Spain
75%
Name of his home track Zandvoort
75%
In 2023, Max broke the record for most consecutive wins (10), but who had it before? Sebastian Vettel
74%
He is the ________ driver to win a Formula 1 race youngest
64%
Current F1 driver who beat Max in F3 Esteban Ocon
57%
Group that made the song "Super Max" Pitstop Boys
32%
No matching quizzes found
Score Distribution
Percent of People with Each Score
Percentile by Number Answered
Your Score History
You have not taken this quiz since the last reset